<?xml version="1.0" encoding="UTF-8"?>
<record
    xmlns:xsi="http://www.w3.org/2001/XMLSchema-instance"
    xsi:schemaLocation="http://www.loc.gov/MARC21/slim http://www.loc.gov/standards/marcxml/schema/MARC21slim.xsd"
    xmlns="http://www.loc.gov/MARC21/slim">

  <leader>00513    a2200169   4500</leader>
  <controlfield tag="003">OSt</controlfield>
  <controlfield tag="005">20231206141832.0</controlfield>
  <controlfield tag="008">231206b        |||||||| |||| 00| 0 eng d</controlfield>
  <datafield tag="020" ind1=" " ind2=" ">
    <subfield code="a">9780201065961</subfield>
  </datafield>
  <datafield tag="040" ind1=" " ind2=" ">
    <subfield code="c">oclc</subfield>
  </datafield>
  <datafield tag="082" ind1=" " ind2=" ">
    <subfield code="a">934.01</subfield>
    <subfield code="b">CHA/H</subfield>
  </datafield>
  <datafield tag="100" ind1="1" ind2=" ">
    <subfield code="a">Chandra, Satish,</subfield>
    <subfield code="d">1922-2017</subfield>
    <subfield code="9">10069</subfield>
  </datafield>
  <datafield tag="245" ind1=" " ind2=" ">
    <subfield code="a">History of medieval India :</subfield>
    <subfield code="b"> 800-1700 /</subfield>
    <subfield code="c">Satish Chandra</subfield>
  </datafield>
  <datafield tag="260" ind1=" " ind2=" ">
    <subfield code="a">New Delhi:</subfield>
    <subfield code="b">Orient Blackswan,</subfield>
    <subfield code="c">2019.</subfield>
  </datafield>
  <datafield tag="300" ind1=" " ind2=" ">
    <subfield code="a">418p</subfield>
  </datafield>
  <datafield tag="942" ind1=" " ind2=" ">
    <subfield code="2">ddc</subfield>
    <subfield code="c">BK</subfield>
    <subfield code="h">934.01</subfield>
    <subfield code="i">CHA/H</subfield>
    <subfield code="k">934.01</subfield>
    <subfield code="m">CHA/H</subfield>
  </datafield>
  <datafield tag="952" ind1=" " ind2=" ">
    <subfield code="0">0</subfield>
    <subfield code="1">0</subfield>
    <subfield code="2">ddc</subfield>
    <subfield code="4">0</subfield>
    <subfield code="7">0</subfield>
    <subfield code="8">HISTORY</subfield>
    <subfield code="a">MES</subfield>
    <subfield code="b">MES</subfield>
    <subfield code="c">HIS</subfield>
    <subfield code="d">2023-12-06</subfield>
    <subfield code="l">11</subfield>
    <subfield code="m">14</subfield>
    <subfield code="o">934.01 CHA/H</subfield>
    <subfield code="p">43952</subfield>
    <subfield code="q">2026-06-03</subfield>
    <subfield code="r">2026-05-06 10:17:29</subfield>
    <subfield code="s">2026-05-06</subfield>
    <subfield code="v">450.00</subfield>
    <subfield code="w">2023-12-06</subfield>
    <subfield code="y">BK</subfield>
    <subfield code="z">GL43R3</subfield>
  </datafield>
  <datafield tag="999" ind1=" " ind2=" ">
    <subfield code="c">43771</subfield>
    <subfield code="d">43771</subfield>
  </datafield>
</record>
